000 00550cam a2200169 a 4500
001 000008473
005 20200929161340.0
008 800115s1978 ve 000 1 spa
040 _aDO-SdBNP
_bspa
_cBNPHU
082 _aV863.44
_bP498e
100 1 _aPicon, Roman Leonardo,
_d1951-
_922786
245 1 3 _aEl enterrador de cuentos y otras barbaridades :
_b40 relatos /
_cRomán Leonardo Picón.
260 _a[Caracas] :
_bRevista Zeta,
_c1978.
300 _a110 p. ;
_c18 cm.
650 4 _aCuentos venezolanos
_93815
650 4 _aLiteratura venezolana
_93816
999 _c8244
_d8244